00970nam a22002417a 450000500170000001000260001702000260004303500140006903500140008303700170009703700090011408200090012310000340013224500770016625000060024326000340024927000800028330000200036394200200038399900190040395201530042295201530057520251029120628.0 aENG-144385 ENG-147026 a9788119626144c595.00 aEN-127917 aEN-130558 bNiyogi Books bDBAD aN21 aChattopadhyay, Devasis985552 aHarry Hobbs of Kolkata and other forgotten lives/cDevasis Chattopadhyay a1 aNew DelhibNiyogi Booksc2024 aBlock D, Building No. 77, Okhla Industrial Area, Phase-IbNew Delhie110020 a315p.c22cm(pb) 2ddccENhSmCHA c210627d210627 001040718FICaDBADbDBADd2025-04-01eDelivery of Books Act Divisiong595.00l0oS CHApEN-127917r2025-04-01 00:00:00t1v595.00w2025-04-01yEN 001040718FICaDBADbDBADd2025-10-29eDelivery of Books Act Divisiong595.00l0oS CHApEN-130558r2025-10-29 00:00:00t1v595.00w2025-10-29yEN